Guess the singer - G - Statistics

General Stats
  • This quiz has been taken 117 times
  • The average score is 9 of 25
Answer Stats
Hint Answer % Correct
Sweet Child O' Mine Guns N' Roses
91%
Careless Whisper George Michael
82%
Iris The Goo Goo Dolls
75%
Wake Me Up When September Ends Green Day
72%
I Will Survive Gloria Gaynor
71%
Somebody That I Used To Know Gotye
69%
Feel Good Inc. Gorillaz
65%
Crazy Gnarls Barkley
54%
Invisible Touch Genesis
52%
The Sweet Escape Gwen Stefani
51%
Heat Waves Glass Animals
45%
Budapest George Ezra
38%
Me, Myself and I G-Eazy
28%
we fell in love in october girl in red
25%
We Got The Beat The Go-Go's
23%
Tongue Tied GROUPLOVE
16%
Drip Too Hard Gunna
16%
Cupid's Chokehold Gym Class Heroes
16%
Close To You Gracie Abrams
15%
Hate It or Love It The Game
14%
Not Over You Gavin DeGraw
9%
Wake Up in the Sky Gucci Mane
8%
Genesis Grimes
5%
Who's That Girl Guy Sebastian
5%
Holding You Ginny Blackmore
1%
No matching quizzes found
Score Distribution
Percent of People with Each Score
Percentile by Number Answered
Your Score History
You have not taken this quiz